=LDR 00000nam 2200000 4500 =001 INLIS000000000027093 =005 20130612125509 =008 ***********************************Ind** =035 ##$$0010-061300000027093 =041 ##$$a Ind =082 ##$$a 220.8 =090 ##$$a 220.8, Ros p =100 ##$$a Rosemaby =245 ##$$a Paus wanita, misteri paus joan dokumentasi pertama paling lengkap di balik fakta sang legenda, Rosemary dan Darroll Pardoe ; alih bahasa, Akhmad Santoso =260 ##$$a 2007 $b Yogyakarta =300 ##$$a xi, 222 hlm, 23 cm =650 ##$$a Alkitab - wanita =700 ##$$a Pardoe, Darrol =850 ##$$a NBPNMAT